书目信息 |
| 题名: |
工程细胞生物学
|
|
| 作者: | 陈志南 主编 | |
| 分册: | ||
| 出版信息: | 北京 科学出版社 2013.02 |
|
| 页数: | 745页 | |
| 开本: | 26cm | |
| 丛书名: | ||
| 单 册: | ||
| 中图分类: | Q2 | |
| 科图分类: | ||
| 主题词: | 细胞生物学--高等教育--教材 , 细胞生物学 | |
| 电子资源: | ||
| ISBN: | 978-7-03-033302-5 | |
| 000 | 00824nam0 2200253 450 | |
| 001 | 010010109255 | |
| 005 | 20140610104408.82 | |
| 010 | @a978-7-03-033302-5@dCNY98.00 | |
| 100 | @a20130110d2013 em y0chiy50 ea | |
| 101 | 0 | @achi |
| 102 | @aCN@b110000 | |
| 105 | @aak z 000yy | |
| 106 | @ar | |
| 200 | 1 | @a工程细胞生物学@9gong cheng xi bao sheng wu xue@f陈志南主编 |
| 210 | @a北京@c科学出版社@d2013.02 | |
| 215 | @a745页@c图,照片@d26cm | |
| 300 | @a普通高等教育“十一五”国家级规划教材 | |
| 330 | @a本书着重介绍工程细胞生物学的基本概念、主要内容、研究方法和技术以及应用现状,并拓展介绍了部分重点实验操作和工程知识。 | |
| 606 | 0 | @a细胞生物学@x高等教育@j教材 |
| 606 | 0 | @a细胞生物学 |
| 690 | @aQ2@v5 | |
| 701 | 0 | @a陈志南@9chen zhi nan@4主编 |
| 801 | 0 | @aCN@bRENTIAN@c20130110 |
| 905 | @b846142-44@dQ2@e42@f3 | |
| 工程细胞生物学/陈志南主编.-北京:科学出版社,2013.02 |
| 745页:图,照片;26cm |
| 普通高等教育“十一五”国家级规划教材 |
| ISBN 978-7-03-033302-5:CNY98.00 |
| 本书着重介绍工程细胞生物学的基本概念、主要内容、研究方法和技术以及应用现状,并拓展介绍了部分重点实验操作和工程知识。 |
| ● |
| 相关链接 |
|
|
|
|
正题名:工程细胞生物学
索取号:Q2/42
 
预约/预借
| 序号 | 登录号 | 条形码 | 馆藏地/架位号 | 状态 | 备注 |
| 1 | 846142 | 208461421 | 第二样本阅览室/ [索取号:Q2/42] | 在馆 | |
| 2 | 846143 | 208461430 | 第三借阅区/ [索取号:Q2/42] | 在馆 | |
| 3 | 846144 | 208461449 | 密集书库-生命科学系/ [索取号:Q2/42] | 在馆 |